Statistics for Turkey Country Quiz

Click here to take the quiz!

General Stats

  • This quiz has been taken 42 times
  • The average score is 15 of 22

Answer Stats

HintAnswer% Correct
Capital City?Ankara
97%
Biggest City?Istanbul
95%
Official Language?Turkish
95%
Founder and the first President of Turkey?M. K. Atatürk
86%
Neighbor countries?Greece
81%
Turkey is in NATO, true or false?True
78%
Neighbor countries?Bulgaria
76%
Turkey connects? (continents)Europe
76%
Turkey is in EU, true or false?False
76%
Most popular traditional food?Kebab
76%
Currency?Turkish Lira
76%
Turkey connects? (continents)Asia
70%
Most Turkish people living country, except for Turkey?Germany
65%
Neighbor countries?Georgia
59%
How many cities?81
57%
Neighbor countries?Armenia
57%
Neighbor countries?Iran
57%
Neighbor countries?Syria
57%
Neighbor countries?Azerbaijan
54%
Neighbor countries?Iraq
54%
How many regions?7
51%
Highest peak?Mount Ararat
51%

Score Distribution

Percentile by Number Answered

Percent of People with Each Score

Your Score History

You have not taken this quiz